| Tag |
First Indicator |
Second Indicator |
Subfields |
| LEADER |
00000cam a2200000 i 4500 |
| 001 |
in00003494587 |
| 005 |
20151206125529.0 |
| 008 |
140602t20142014riu b 001 0 eng |
| 010 |
|
|
|a 2014021155
|
| 020 |
|
|
|a 9781470410742
|q (alk. paper)
|
| 020 |
|
|
|a 1470410745
|q (alk. paper)
|
| 035 |
|
|
|a (OCoLC)ocn880960147
|
| 040 |
|
|
|a DLC
|b eng
|e rda
|c DLC
|d YDX
|d YDXCP
|d BTCTA
|d OCLCF
|d IPL
|d FDA
|d OCLCO
|d IQU
|d OCLCQ
|d TXA
|d UtOrBLW
|
| 041 |
1 |
|
|a eng
|h jpn
|
| 042 |
|
|
|a pcc
|
| 049 |
|
|
|a TXAM
|
| 050 |
0 |
0 |
|a QA242.6
|b .M6713 2014
|
| 082 |
0 |
0 |
|a 516.3/5
|2 23
|
| 084 |
|
|
|a 14G40
|a 11G50
|a 37P30
|2 msc
|
| 100 |
1 |
|
|a Moriwaki, Atsushi,
|d 1960-
|e author,
|e translator.
|
| 240 |
1 |
0 |
|a Arakerofu kika.
|l English
|
| 245 |
1 |
0 |
|a Arakelov geometry /
|c Atsushi Moriwaki ; translated by Atsushi Moriwaki.
|
| 250 |
|
|
|a English language edition.
|
| 264 |
|
1 |
|a Providence, Rhode Island :
|b American Mathematical Society,
|c 2014.
|
| 264 |
|
4 |
|c ©2014
|
| 300 |
|
|
|a ix, 285 pages ;
|c 27 cm.
|
| 336 |
|
|
|a text
|b txt
|2 rdacontent
|
| 337 |
|
|
|a unmediated
|b n
|2 rdamedia
|
| 338 |
|
|
|a volume
|b nc
|2 rdacarrier
|
| 490 |
1 |
|
|a Translations of mathematical monographs,
|x 0065-9282 ;
|v volume 244
|
| 504 |
|
|
|a Includes bibliographical references (pages 279-281) and index.
|
| 546 |
|
|
|a In English.
|
| 500 |
|
|
|a Originally published in Japanese as: Arakerofu kika. Tokyo : Iwanam Shoten, 2008, ©2008.
|
| 505 |
0 |
|
|a Preliminaries -- Geometry of numbers -- Arakelov geometry on arithmetic curves -- Arakelov geometry on arithmetic surfaces -- Arakelov geometry on general arithmetic varieties -- Arithmetic volume function and its continuity -- Nakai-Moishezon criterion on an arithmetic variety -- Arithmetic Bogomolov inequality -- Lang-Bogomolov conjecture.
|
| 650 |
|
0 |
|a Arakelov theory.
|
| 650 |
|
0 |
|a Geometry, Algebraic.
|
| 650 |
|
7 |
|a Arakelov theory.
|2 fast
|0 (OCoLC)fst00812663
|
| 650 |
|
7 |
|a Geometry, Algebraic.
|2 fast
|0 (OCoLC)fst00940902
|
| 650 |
|
7 |
|a Algebraic geometry
|x Arithmetic problems. Diophantine geometry
|x Arithmetic varieties and schemes; Arakelov theory; heights.
|2 msc
|
| 650 |
|
7 |
|a Number theory
|x Arithmetic algebraic geometry (Diophantine geometry)
|x Heights.
|2 msc
|
| 650 |
|
7 |
|a Dynamical systems and ergodic theory
|x Arithmetic and non-Archimedean dynamical systems
|x Height functions; Green functions; invariant measures.
|2 msc
|
| 830 |
|
0 |
|a Translations of mathematical monographs ;
|v v. 244.
|
| 948 |
|
|
|a cataloged
|b h
|c 2015/1/26
|d c
|e ceaton
|f 3:46:52 pm
|
| 994 |
|
|
|a C0
|b TXA
|
| 999 |
|
|
|a MARS
|
| 999 |
f |
f |
|s e26c287b-2be9-368b-8382-0cdfa2d84ba9
|i 2fa81c64-2d16-304d-8106-84b883b906a3
|t 0
|
| 952 |
f |
f |
|p normal
|a Texas A&M University
|b College Station
|c Sterling C. Evans Library
|d Evans: Library Stacks
|t 0
|e QA242.6 .M6713 2014
|h Library of Congress classification
|i unmediated -- volume
|m A14842999188
|
| 998 |
f |
f |
|a QA242.6 .M6713 2014
|t 0
|l Evans: Library Stacks
|